Hardening,tempering & heat treatment
| Main Author: | |
|---|---|
| Format: | Book |
| Published: |
Hertfordshire :
Argus Books ,
1993
|
| Series: | Workshop pratice series
|
| Subjects: |
MARC
| LEADER | 00000cam a2200000 7i4500 | ||
|---|---|---|---|
| 001 | 0000002597 | ||
| 002 | 000002824 | ||
| 005 | 20000330.0 | ||
| 020 | |a 0852428375 | ||
| 090 | 0 | 0 | |a 671.36 |b CAI |
| 100 | 1 | |a Cain, Tubal | |
| 245 | 1 | 0 | |a Hardening,tempering & heat treatment |c Tubal Cain |
| 260 | |a Hertfordshire : |b Argus Books , |c 1993 | ||
| 300 | |a 124p. : |b ill ; |c 20cm. | ||
| 490 | 0 | |a Workshop pratice series | |
| 650 | 0 | 0 | |a Surface hardening |
| 999 | |a 036304 |b BUKU |c PINJAMAN |e PERPUSTAKAAN KOMUNITI PETALING JAYA | ||